000 01212cam a22003497a 4500
003 CHAP
005 20220329141458.0
008 971013s1987 r 00010 d
010 _a68802
011 _a69774
035 _a79252
040 _cCHAP
090 _aTesis
100 1 _aRamírez Rojas, Sergio Gavino.
_994238
245 0 _aControl de la maleza en el cultivo de sorgo (Sorghum bicolor L. Moech) en la región de Texcoco, Méx.
260 _aChapingo, Méx. :
_bEl autor,
_c1987
300 _a46 h.
500 _a31-199
502 _aTesis (Ing. Agrónomo Esp. en Parasitología Agrícola) -- UACH. Departamento de Parasitología Agrícola
590 _aALEPH
_b10
_c20130110
_lUCH01
_h1406
590 _aBATCH-UPD
_b10
_c20130110
_lUCH01
_h0707
590 _aBATCH-UPD
_b10
_c20130410
_lUCH01
_h0353
590 _aBATCH-UPD
_b10
_c20130914
_lUCH01
_h1608
590 _aBATCH-UPD
_b10
_c20191001
_lUCH01
_h1505
590 _aCONVERSION
_b10
_c20130109
_lUCH01
_h1338
650 1 4 _aHerbicidas.
_953691
650 1 4 _aSorgo
_xMalas hierbas
_xControl.
_9108692
901 _aBK
942 _cFOLL
949 _bBC
_cTES
_d-32138
_eTS1
_h21618
_i79252
_si
949 _bBC
_cTES
_d-96844
_eTS2
_fc.2
_h21545
_i79252
_si
999 _c68802
_d68802